[Event "CFriend AT-2005-0-00294 email"]
[Site "Chessfriend.com"]
[Date "2005.09.18"]
[Round "1"]
[White "Dyakov, Aleksandr"]
[Black "Antipov, Georgy"]
[Result "0-1"]
[WhiteElo "2223"]
[BlackElo "2283"]
[PlyCount "40"]
[EventDate "2005.??.??"]
[EventType "tourn (corr)"]
[EventRounds "2"]
[SourceTitle "Corr 2024"]
[Source "ChessBase"]
[SourceDate "2023.10.19"]
[SourceVersion "1"]
[SourceVersionDate "2023.10.19"]
[SourceQuality "1"]

1. e4 c6 2. d4 d5 3. Nd2 dxe4 4. Nxe4 Nd7 5. Bd3 Ngf6 6. Ng5 g6 7. N1f3 Bg7 8. Qe2 0-0 9. h4 h6 10. h5 hxg5 11. h6 Bh8 12. Nxg5 Nb6 13. h7+ Kg7 14. Qd2 Qd5 15. Nh3 Qh5 16. f3 Qxh7 17. Nf2 Nh5 18. g4 f5 19. gxh5 Kf7 20. c3 gxh5 0-1

[Event "CFriend AT-2005-0-00124 email"]
[Site "Chessfriend.com"]
[Date "2005.03.08"]
[Round "1"]
[White "Glaubitz, Friedhelm"]
[Black "Antipov, Georgy"]
[Result "0-1"]
[WhiteElo "2260"]
[BlackElo "2283"]
[PlyCount "78"]
[EventDate "2005.??.??"]
[EventType "tourn (corr)"]
[EventRounds "2"]
[SourceTitle "Corr 2024"]
[Source "ChessBase"]
[SourceDate "2023.10.19"]
[SourceVersion "1"]
[SourceVersionDate "2023.10.19"]
[SourceQuality "1"]

1. f4 d5 2. Nf3 Nf6 3. e3 Bg4 4. Be2 e6 5. 0-0 Bd6 6. b3 0-0 7. Bb2 Nbd7 8. Ne5 Bf5 9. d3 c6 10. Qe1 Bc7 11. Nxd7 Nxd7 12. Nd2 Qe7 13. a4 Bb6 14. Rf3 Ba5 15. Rd1 f6 16. Qh4 Qc5 17. c3 Bxc3 18. Rc1 Bxb2 19. Rxc5 Nxc5 20. b4 Nxa4 21. e4 Nc3 22. exf5 Nxe2+ 23. Kf1 Nd4 24. Rh3 h6 25. fxe6 Nxe6 26. f5 Ng5 27. Re3 a5 28. bxa5 Rxa5 29. Re7 Ra1+ 30. Re1 Ra2 31. Qb4 Be5 32. Nb3 b5 33. Qc5 Rc8 34. Qb6 Kh7 35. Qb7 Rc7 36. Qb8 Bd6 37. Qe8 Nf7 38. Nd4 Ra6 39. h4 b4 0-1

[Event "CFriend AM-2004-0-00011 email"]
[Site "Chessfriend.com"]
[Date "2004.04.25"]
[Round "?"]
[White "Antipov, Georgy"]
[Black "Hallengren, Boris"]
[Result "1/2-1/2"]
[WhiteElo "2250"]
[BlackElo "2261"]
[PlyCount "44"]
[EventDate "2004.??.??"]
[EventType "tourn (corr)"]
[EventRounds "12"]
[SourceTitle "Corr 2008"]
[Source "ChessBase"]
[SourceDate "2008.06.24"]
[SourceVersion "1"]
[SourceVersionDate "2008.06.24"]
[SourceQuality "1"]

1. c4 Nf6 2. Nc3 e5 3. Nf3 Nc6 4. e4 Bb4 5. d3 d6 6. Be2 0-0 7. 0-0 Bxc3 8. bxc3 Qe7 9. Nd2 Nd7 10. Nb3 f5 11. exf5 Rxf5 12. Bf3 Rf8 13. Rb1 Kh8 14. Ba3 Nf6 15. Re1 Bd7 16. Nd4 Qf7 17. Nxc6 Bxc6 18. Bxc6 bxc6 19. f3 c5 20. Rb7 Qd7 21. Qb1 a6 22. Bc1 Qc6 1/2-1/2

[Event "CFriend AM-2004-0-00011 email"]
[Site "Chessfriend.com"]
[Date "2004.04.25"]
[Round "1"]
[White "Antipov, Georgy"]
[Black "Pasierb, Siegmund"]
[Result "1/2-1/2"]
[WhiteElo "2283"]
[BlackElo "2302"]
[PlyCount "59"]
[EventDate "2004.??.??"]
[EventType "tourn (corr)"]
[EventRounds "12"]
[SourceTitle "Corr 2024"]
[Source "ChessBase"]
[SourceDate "2023.10.19"]
[SourceVersion "1"]
[SourceVersionDate "2023.10.19"]
[SourceQuality "1"]

1. e4 c5 2. Nf3 Nc6 3. Bb5 g6 4. 0-0 Bg7 5. c3 Nf6 6. Re1 0-0 7. d4 d5 8. Bxc6 bxc6 9. exd5 Qxd5 10. Re5 Qd6 11. Rxc5 Nd7 12. Ra5 c5 13. Na3 Qc7 14. b4 cxb4 15. cxb4 Nb6 16. Bg5 Be6 17. Qd2 Bd5 18. Rc1 Qb7 19. Ne1 Rfc8 20. Rac5 e6 21. Bf4 Na4 22. Rc7 Rxc7 23. Rxc7 Qb6 24. Nc4 Qxd4 25. Qxd4 Bxd4 26. Be5 Bb6 27. Nxb6 Nxb6 28. a3 Nc4 29. Nf3 Nxa3 30. Ng5 1/2-1/2

[Event "CFriend AM-2004-0-00011 email"]
[Site "Chessfriend.com"]
[Date "2004.04.25"]
[Round "1"]
[White "Antipov, Georgy"]
[Black "Scacco, Mauro"]
[Result "1/2-1/2"]
[WhiteElo "2283"]
[BlackElo "1849"]
[PlyCount "88"]
[EventDate "2004.??.??"]
[EventType "tourn (corr)"]
[EventRounds "12"]
[SourceTitle "Corr 2024"]
[Source "ChessBase"]
[SourceDate "2023.10.19"]
[SourceVersion "1"]
[SourceVersionDate "2023.10.19"]
[SourceQuality "1"]

1. e4 c5 2. Nf3 d6 3. Bb5+ Nd7 4. d4 Ngf6 5. Nc3 cxd4 6. Qxd4 e5 7. Qd3 h6 8. Be3 a6 9. Bc4 Be7 10. a4 Qa5 11. 0-0 Nc5 12. Bxc5 Qxc5 13. Nd5 Nxd5 14. Bxd5 0-0 15. Nd2 Rb8 16. Qc4 b5 17. Qxc5 dxc5 18. axb5 axb5 19. Ra7 Bd6 20. c4 Rb6 21. cxb5 Rxb5 22. Nc4 Bb8 23. Re7 g5 24. b3 Kg7 25. Nxe5 Bxe5 26. Rxe5 Kf6 27. f4 gxf4 28. Rh5 Kg6 29. Rh4 Be6 30. Rhxf4 Bxd5 31. exd5 Rxb3 32. Rg4+ Kh7 33. Rc4 Rd3 34. Rxc5 Rd8 35. Rxf7+ Kg6 36. Rcc7 Rd1+ 37. Kf2 R8xd5 38. Rg7+ Kh5 39. Rc3 R1d2+ 40. Ke3 R5d4 41. h3 Kh4 42. Rh7 Kg3 43. Rxh6 Kxg2 44. h4 Kh3 1/2-1/2

[Event "CFriend AM-2004-0-00011 email"]
[Site "Chessfriend.com"]
[Date "2004.04.25"]
[Round "1"]
[White "Antipov, Georgy"]
[Black "Utesch, Wolfgang"]
[Result "0-1"]
[WhiteElo "2283"]
[BlackElo "2313"]
[PlyCount "86"]
[EventDate "2004.??.??"]
[EventType "tourn (corr)"]
[EventRounds "12"]
[SourceTitle "Corr 2024"]
[Source "ChessBase"]
[SourceDate "2023.10.19"]
[SourceVersion "1"]
[SourceVersionDate "2023.10.19"]
[SourceQuality "1"]

1. e4 c5 2. Nf3 d6 3. d4 cxd4 4. Nxd4 Nf6 5. Nc3 a6 6. Bc4 e6 7. 0-0 Be7 8. Be2 Qc7 9. Qd3 b5 10. a3 Bb7 11. Qg3 Nbd7 12. Re1 Ne5 13. f4 Nc4 14. b3 Nb6 15. Bb2 h5 16. e5 dxe5 17. fxe5 h4 18. Qh3 0-0-0 19. Ndxb5 Qc5+ 20. Kh1 Nh5 21. Bxh5 Rxh5 22. Nd6+ Bxd6 23. exd6 Rxd6 24. Re2 g6 25. a4 Qf5 26. Qxf5 gxf5 27. Kg1 Nd7 28. Rd1 Rxd1+ 29. Nxd1 f4 30. Nf2 Rg5 31. Nh3 Rg4 32. Kf1 e5 33. Ng1 f6 34. Bc3 Nc5 35. Nf3 e4 36. Nd4 e3 37. h3 Rg5 38. Be1 Rd5 39. c3 Rh5 40. Kg1 Nd3 41. b4 Kd7 42. c4 Nxe1 43. Rxe1 Rg5 0-1

[Event "CFriend AM-2004-0-00011 email"]
[Site "Chessfriend.com"]
[Date "2004.04.25"]
[Round "1"]
[White "Nikel, Bogdan"]
[Black "Antipov, Georgy"]
[Result "1/2-1/2"]
[WhiteElo "2289"]
[BlackElo "2283"]
[PlyCount "42"]
[EventDate "2004.??.??"]
[EventType "tourn (corr)"]
[EventRounds "12"]
[SourceTitle "Corr 2024"]
[Source "ChessBase"]
[SourceDate "2023.10.19"]
[SourceVersion "1"]
[SourceVersionDate "2023.10.19"]
[SourceQuality "1"]

1. e4 c6 2. d4 d5 3. e5 Bf5 4. Nf3 e6 5. Be2 c5 6. 0-0 Nc6 7. c3 h6 8. Be3 cxd4 9. cxd4 Qb6 10. Qd2 Bb4 11. Nc3 Nge7 12. Rac1 Bg4 13. a3 Bxc3 14. Rxc3 Nf5 15. Rd1 0-0 16. Nh4 Nxe3 17. fxe3 Bxe2 18. Qxe2 Rac8 19. Rdc1 Ne7 20. Nf3 Rxc3 21. Rxc3 Rc8 1/2-1/2

[Event "CFriend AM-2004-0-00010 email"]
[Site "Chessfriend.com"]
[Date "2004.03.01"]
[Round "?"]
[White "Antipov, Georgy"]
[Black "Ingersol, Harry"]
[Result "1/2-1/2"]
[WhiteElo "2250"]
[BlackElo "2340"]
[PlyCount "64"]
[EventDate "2004.??.??"]
[EventType "tourn (corr)"]
[EventRounds "12"]
[SourceTitle "Corr 2008"]
[Source "ChessBase"]
[SourceDate "2008.06.24"]
[SourceVersion "1"]
[SourceVersionDate "2008.06.24"]
[SourceQuality "1"]

1. e4 c5 2. Nf3 e6 3. Nc3 a6 4. Be2 b5 5. 0-0 Bb7 6. d4 cxd4 7. Qxd4 b4 8. Na4 Nc6 9. Qb6 Qxb6 10. Nxb6 Rd8 11. Bf4 Nf6 12. Bc7 Nxe4 13. Bxd8 Nxd8 14. Na4 d5 15. Nd4 Bd6 16. Rfd1 0-0 17. c4 bxc3 18. Nxc3 Nc5 19. b4 Nd7 20. b5 axb5 21. Bxb5 Nf6 22. Na4 g6 23. Nb3 Bc6 24. Nc3 Bb4 25. Bxc6 Nxc6 26. Nb5 Nd7 27. Rac1 Nde5 28. N3d4 Nxd4 29. Rxd4 Nc4 30. Rd3 Ra8 31. Rc2 Ra5 32. Nd4 Ra4 1/2-1/2

[Event "CFriend AM-2004-0-00010 email"]
[Site "Chessfriend.com"]
[Date "2004.03.01"]
[Round "1"]
[White "Antipov, Georgy"]
[Black "Nikel, Bogdan"]
[Result "1/2-1/2"]
[WhiteElo "2283"]
[BlackElo "2289"]
[PlyCount "65"]
[EventDate "2004.??.??"]
[EventType "tourn (corr)"]
[EventRounds "12"]
[SourceTitle "Corr 2024"]
[Source "ChessBase"]
[SourceDate "2023.10.19"]
[SourceVersion "1"]
[SourceVersionDate "2023.10.19"]
[SourceQuality "1"]

1. c4 e5 2. Nc3 Nf6 3. Nf3 Nc6 4. e4 Bb4 5. d3 0-0 6. Be2 d6 7. 0-0 Bxc3 8. bxc3 Nd7 9. Qc2 Qf6 10. Be3 Re8 11. d4 Qg6 12. Nh4 Qf6 13. Nf3 Qg6 14. Nh4 Qf6 15. Nf3 a6 16. d5 Ne7 17. a4 Nc5 18. a5 h6 19. Ne1 Ng6 20. f3 Nf4 21. Nd3 Qg5 22. Nxf4 exf4 23. Bxc5 dxc5 24. Rab1 Rb8 25. Qd2 Qf6 26. Rb3 Re5 27. Rfb1 Rg5 28. Bf1 Rh5 29. Qf2 Qd6 30. Bd3 Rg5 31. R1b2 Rh5 32. Kh1 Qe7 33. Qe1 1/2-1/2

[Event "CFriend AM-2004-0-00010 email"]
[Site "Chessfriend.com"]
[Date "2004.03.01"]
[Round "?"]
[White "Antipov, Georgy"]
[Black "Thurlow, Kevin J"]
[Result "1/2-1/2"]
[WhiteElo "2250"]
[BlackElo "2163"]
[PlyCount "41"]
[EventDate "2004.??.??"]
[EventType "tourn (corr)"]
[EventRounds "12"]
[SourceTitle "Corr 2008"]
[Source "ChessBase"]
[SourceDate "2008.06.24"]
[SourceVersion "1"]
[SourceVersionDate "2008.06.24"]
[SourceQuality "1"]

1. c4 Nf6 2. Nc3 c5 3. Nf3 d5 4. cxd5 Nxd5 5. e4 Nb4 6. Bb5+ N8c6 7. d3 a6 8. Bxc6+ Nxc6 9. Be3 e5 10. 0-0 Bd6 11. Nd5 0-0 12. Qb3 Nd4 13. Bxd4 cxd4 14. Nd2 Rb8 15. Nc4 Be6 16. Nxd6 Qxd6 17. Qb6 Rfd8 18. Qxd6 Rxd6 19. Nc7 Rc6 20. Nxe6 fxe6 21. f4 1/2-1/2

[Event "CFriend AM-2004-0-00010 email"]
[Site "Chessfriend.com"]
[Date "2004.03.01"]
[Round "?"]
[White "Stepanov, Konstantin Vasiliev"]
[Black "Antipov, Georgy"]
[Result "1/2-1/2"]
[WhiteElo "2372"]
[BlackElo "2250"]
[PlyCount "69"]
[EventDate "2004.??.??"]
[EventType "tourn (corr)"]
[EventRounds "12"]
[SourceTitle "Corr 2008"]
[Source "ChessBase"]
[SourceDate "2008.06.24"]
[SourceVersion "1"]
[SourceVersionDate "2008.06.24"]
[SourceQuality "1"]

1. d4 Nf6 2. c4 e6 3. Nf3 b6 4. a3 Bb7 5. Nc3 d5 6. cxd5 exd5 7. g3 Be7 8. Bg2 0-0 9. 0-0 c5 10. Bf4 Nc6 11. dxc5 bxc5 12. Ne5 Nd4 13. Nc4 Rc8 14. Rc1 Ba8 15. Ne3 h6 16. Be5 Nd7 17. Bxd4 cxd4 18. Qxd4 Bc5 19. Qg4 Nf6 20. Qf5 Bxe3 21. fxe3 d4 22. exd4 Qxd4+ 23. Qf2 Qxf2+ 24. Rxf2 Bxg2 25. Kxg2 Rfe8 26. Rf3 Ng4 27. h3 Ne5 28. Rf2 Nc4 29. e4 Rb8 30. b4 Rbc8 31. Ra2 Nd6 32. Rcc2 Rc4 33. b5 Nxe4 34. Nxe4 Rexe4 35. Rxc4 1/2-1/2

[Event "CFriend AT-2004-0-00033 email"]
[Site "Chessfriend.com"]
[Date "2004.02.21"]
[Round "?"]
[White "Antipov, Georgy"]
[Black "Tritt, Maciej"]
[Result "1-0"]
[WhiteElo "2250"]
[BlackElo "2230"]
[PlyCount "45"]
[EventDate "2004.??.??"]
[EventType "tourn (corr)"]
[EventRounds "2"]
[SourceTitle "Corr 2008"]
[Source "ChessBase"]
[SourceDate "2008.06.24"]
[SourceVersion "1"]
[SourceVersionDate "2008.06.24"]
[SourceQuality "1"]

1. e4 c5 2. Nf3 d6 3. d4 cxd4 4. Nxd4 Nf6 5. Nc3 a6 6. Bc4 e6 7. 0-0 b5 8. Bb3 b4 9. Nce2 Nxe4 10. Ng3 Nc5 11. Re1 Nxb3 12. axb3 g6 13. Bf4 Be7 14. Nb5 e5 15. Qd5 Be6 16. Qb7 exf4 17. Nc7+ Kf8 18. Rxe6 Qd7 19. Rxe7 Qxe7 20. Ne4 Kg7 21. Qxb4 Qxc7 22. Qd4+ f6 23. Nxf6 1-0